000 00388pab a2200157 454500
008 180718b2012 xxu||||| |||| 00| 0 eng d
100 _aBasu, Swaraj
245 _aGorkhas, Adivasis and others in North Bengal
260 _c2012
300 _ap.28-29.
362 _a1 Sep
650 _aRegional development
773 _aEconomic and Political Weekly
908 _aN
909 _a97894
999 _c97893
_d97893